Non-Tariff Measures of Internatiol Trade: Literature Review

Prehľad literatúry ukazujúci rozdielny postoj k vplyvu netarifných opatrení na zahraničný obchod. Najnovšie teórie štátnej regulácie zahraničného obchodu. Analýza postojov vlád na reguláciu zahraničného obchodu rôznych ekonomických škôl.

Guardado en:
Detalles Bibliográficos
Autor principal: Vysotckaia, Valerija
Formato: Capítulo de libro
Lenguaje:inglés
Materias:
Etiquetas: Agregar Etiqueta
Sin Etiquetas, Sea el primero en etiquetar este registro!

MARC

LEADER 00000naa a2200000 4500
001 0283003
005 20240417075201.2
041 0 |a eng 
044 |a SK 
245 1 0 |a Non-Tariff Measures of Internatiol Trade: Literature Review  |c Valerija Vysotckaia 
520 |a Prehľad literatúry ukazujúci rozdielny postoj k vplyvu netarifných opatrení na zahraničný obchod. Najnovšie teórie štátnej regulácie zahraničného obchodu. Analýza postojov vlád na reguláciu zahraničného obchodu rôznych ekonomických škôl. 
610 2 0 |a obchod zahraničný 
610 2 0 |a obchod medzinárodný 
610 2 0 |a regulácia štátna 
100 1 |a Vysotckaia, Valerija